| 000 | 00744cam a22002531a 4500 | ||
|---|---|---|---|
| 001 | sa 64002363 | ||
| 003 | DLC | ||
| 005 | 20260227112009.0 | ||
| 008 | 830316s1959 ii 000 0beng | ||
| 010 | _asa 64002363 | ||
| 025 | _aPL480:I-E-2590 | ||
| 035 | _a(OCoLC)9316791 | ||
| 040 |
_aDLC _cHU _dHU _dDLC |
||
| 042 | _apremarc | ||
| 050 | 0 | 0 |
_aDS481.G3 _bF44 1959 |
| 100 | 1 |
_aFischer, Louis, _d1896-1970. |
|
| 245 | 1 | 4 |
_aThe life of Mahatma Gandhi / _cby Louis Fischer. |
| 250 | _a3rd reprint. | ||
| 260 |
_aBombay : _bBharatiya Vidya Bhavan, _c1959. |
||
| 300 |
_a2 v. in 1 ; _c19 cm. |
||
| 440 | 0 |
_aBhavan's book university ; _v11-12 |
|
| 500 | _a"First published ... in London in 1951." | ||
| 600 | 1 | 0 |
_aGandhi, _cMahatma, _d1869-1948. |
| 999 |
_c57295 _d57295 |
||